[Event "PRO League KO Stage 2017"]
[Site "chess.com INT"]
[Date "2017.03.25"]
[Round "4.3"]
[White "Tari, Aryan"]
[Black "Pantzar, Milton"]
[Result "1-0"]
[WhiteTitle "GM"]
[WhiteElo "2596"]
[BlackElo "2257"]
[WhiteTeam "Norway Gnomes"]
[BlackTeam "Stockholm Snowballs"]
[WhiteFideId "1510045"]
[BlackFideId "1721003"]
[EventDate "2017.03.01"]

1. d4 Nf6 2. Nf3 c5 3. d5 g6 4. Nc3 Bg7 5. e4 d6 6. Be2 O-O 7. O-O Na6 8. Nd2
Nc7 9. a4 Rb8 10. Nc4 b6 11. Bf4 a6 12. e5 Nfe8 13. Qd2 b5 14. axb5 axb5 15. Na5
Bd7 16. Ne4 dxe5 17. Bg5 f6 18. Bh4 c4 19. Nc5 Nd6 20. f3 Ra8 21. Bf2 Kh8 22. b3
cxb3 23. cxb3 Be8 24. Rac1 Bf7 25. Nc6 Qe8 26. Nb4 Rc8 27. Rfd1 h5 28. Ne4 Nf5
29. Rc5 Bh6 30. Qc3 Qd7 31. Qd3 Bg7 32. Rdc1 Nd4 33. Bxd4 exd4 34. Qc2 f5 35.
Ng5 d3 36. Qxd3 Bg8 37. Rd1 Ne8 38. Rxc8 Qxc8 39. Nc6 Qb7 40. Qxb5 Qxb5 41. Bxb5
Nd6 42. Bf1 Bf6 43. Ne6 Rc8 44. Rc1 Ra8 45. b4 Ra2 46. Rb1 Rc2 47. b5 Nb7 48.
Ned4 Bxd5 49. Nxc2 Bxc6 50. bxc6 1-0

[Event "PRO League KO Stage 2017"]
[Site "chess.com INT"]
[Date "2017.03.25"]
[Round "4.3"]
[White "Nordquelle, Daniel"]
[Black "Pantsulaia, Levan"]
[Result "1/2-1/2"]
[BlackTitle "GM"]
[WhiteElo "2063"]
[BlackElo "2589"]
[WhiteTeam "Norway Gnomes"]
[BlackTeam "Stockholm Snowballs"]
[WhiteFideId "1519042"]
[BlackFideId "13602071"]
[EventDate "2017.03.01"]

1. e4 c5 2. c3 d5 3. exd5 Qxd5 4. d4 Nf6 5. Nf3 Bg4 6. Be2 e6 7. O-O Nc6 8. Be3
cxd4 9. cxd4 Bb4 10. h3 Bh5 11. Nc3 Qd6 12. Qb3 O-O 13. Rfd1 Rfd8 14. Ne5 Bxe2
15. Nxe2 Nd5 16. Bg5 f6 17. Nxc6 Qxc6 18. Rac1 Qa6 19. Bd2 Qxe2 20. Bxb4 Qb5 21.
Bc5 Qxb3 22. axb3 Rdc8 23. Rc4 Rc6 24. Rdc1 h5 25. g3 Kf7 26. Kf1 b5 27. R4c2 a5
28. Ra1 Rca6 29. Ke2 a4 30. bxa4 Rxa4 31. Ra3 g5 32. Rc1 Kg6 33. Rca1 Kf5 34.
Kf3 g4+ 35. hxg4+ hxg4+ 36. Ke2 Ke4 37. Rh1 b4 38. Rb3 Ra2 39. Rh4 Kf5 40. Kd3
Ra1 41. Rh5+ Kg6 42. Rh4 Kg5 43. Bxb4 Rg1 44. Bd2+ Kf5 45. Rh5+ Kg6 46. Rh6+ Kf5
47. Rh5+ Kg6 48. Rh6+ Kf5 49. Rh5+ Kg6 50. Rh6+ 1/2-1/2

[Event "PRO League KO Stage 2017"]
[Site "chess.com INT"]
[Date "2017.03.25"]
[Round "4.4"]
[White "Hammer, Jon Ludvig"]
[Black "Meier, Georg"]
[Result "1/2-1/2"]
[WhiteTitle "GM"]
[BlackTitle "GM"]
[WhiteElo "2630"]
[BlackElo "2630"]
[WhiteTeam "Norway Gnomes"]
[BlackTeam "Stockholm Snowballs"]
[WhiteFideId "1503707"]
[BlackFideId "4675789"]
[EventDate "2017.03.01"]

1. d4 e6 2. Nf3 Nf6 3. c4 d5 4. g3 Bb4+ 5. Bd2 Be7 6. Bg2 O-O 7. O-O c6 8. Qc2
Nbd7 9. Rd1 b6 10. Ne5 Bb7 11. cxd5 cxd5 12. Nc6 Bxc6 13. Qxc6 a6 14. Qc2 b5 15.
Be1 Qc8 16. Qd3 Qc4 17. Qxc4 bxc4 18. Nc3 Rab8 19. Rdb1 Rfc8 20. Kf1 h5 21. Bd2
g6 22. Ke1 Kg7 23. h3 Bd6 24. Kd1 Rb6 25. e3 Rbb8 26. Bf3 Kf8 27. Kc2 Bb4 28.
Be2 Ke7 29. f3 Bd6 30. Rg1 Bb4 31. Raf1 Rh8 32. Bc1 Rbc8 33. Rg2 Rh7 34. g4 hxg4
35. hxg4 Rch8 36. Bd2 Rh2 37. Rff2 Rxg2 38. Rxg2 Kd8 39. e4 Bxc3 40. Bxc3 dxe4
41. fxe4 Nxe4 42. Ba5+ Ke7 43. Bxc4 Nd6 44. Bb4 a5 45. Ba3 Nb6 46. Bb5 Nd5 47.
Kd2 Nb4 48. Bxb4 axb4 49. Bd3 Ra8 50. Kc2 Rxa2 51. Kb3 Ra1 52. Kxb4 g5 53. Kc3
Kd7 54. d5 e5 55. Re2 Rg1 56. Rxe5 Rxg4 57. b4 Rg1 58. b5 Kc7 59. Re7+ Kb6 60.
Rd7 Nxb5+ 61. Bxb5 Kxb5 62. Rxf7 Kc5 63. Kd3 Rg4 64. Rf5 Rd4+ 65. Ke3 Rxd5 66.
Rxd5+ Kxd5 67. Kf3 Ke5 68. Kg4 Kf6 69. Kg3 Kf5 70. Kf3 g4+ 71. Kg3 Kg5 72. Kg2
Kf4 73. Kf2 g3+ 74. Kg2 Kg4 75. Kg1 Kf3 76. Kf1 g2+ 77. Kg1 Kg3 1/2-1/2

[Event "PRO League KO Stage 2017"]
[Site "chess.com INT"]
[Date "2017.03.25"]
[Round "4.4"]
[White "Pantsulaia, Levan"]
[Black "Tari, Aryan"]
[Result "1/2-1/2"]
[WhiteTitle "GM"]
[BlackTitle "GM"]
[WhiteElo "2589"]
[BlackElo "2596"]
[WhiteTeam "Stockholm Snowballs"]
[BlackTeam "Norway Gnomes"]
[WhiteFideId "13602071"]
[BlackFideId "1510045"]
[EventDate "2017.03.01"]

1. Nf3 Nf6 2. g3 g6 3. b3 Bg7 4. Bb2 b6 5. Bg2 Bb7 6. c4 c5 7. Nc3 O-O 8. O-O
Ne4 9. Qc1 Nxc3 10. Bxc3 d6 11. Bxg7 Kxg7 12. d4 cxd4 13. Nxd4 Bxg2 14. Kxg2 Qd7
15. Qc3 Kg8 16. Qf3 Na6 17. h4 h5 18. Rfd1 Rac8 19. Nb5 Nb4 20. Nc3 Nc6 21. Nd5
Rfe8 22. Qc3 Qe6 23. Rd2 Qe5 24. Rc1 Qxc3 25. Rxc3 Kg7 26. f4 Red8 27. Kf2 e6
28. Ne3 Kf6 29. a3 Ke7 30. b4 Nb8 31. Rcd3 a6 32. Ke1 b5 33. Rc2 Nd7 34. Rdc3
Nb6 35. cxb5 axb5 36. Rc6 Nc4 37. Rxc8 Rxc8 38. a4 Kd7 39. Nxc4 bxc4 40. Kd2 d5
41. Kc3 Ra8 42. a5 Kc6 43. e4 Kb5 44. exd5 exd5 45. Rd2 Rd8 46. Rd1 Rd7 47. Rd2
Rd8 48. Rd1 Rd7 49. Rd2 Rd8 1/2-1/2

[Event "PRO League KO Stage 2017"]
[Site "chess.com INT"]
[Date "2017.03.25"]
[Round "4.4"]
[White "Pantzar, Milton"]
[Black "Nordquelle, Daniel"]
[Result "0-1"]
[WhiteElo "2257"]
[BlackElo "2063"]
[WhiteTeam "Stockholm Snowballs"]
[BlackTeam "Norway Gnomes"]
[WhiteFideId "1721003"]
[BlackFideId "1519042"]
[EventDate "2017.03.01"]

1. d4 d5 2. c4 e6 3. Nc3 c6 4. e4 dxe4 5. Nxe4 Bb4+ 6. Nc3 c5 7. Nf3 Nf6 8. Bg5
Qa5 9. Qc2 cxd4 10. Bxf6 dxc3 11. Bxc3 Bxc3+ 12. bxc3 Na6 13. Rb1 Nc5 14. Bd3
Nxd3+ 15. Qxd3 Qxa2 16. O-O Qa3 17. Rb5 h6 18. Rh5 Qe7 19. Re1 Bd7 20. Ne5 Bc6
21. Qg3 g6 22. Nxg6 fxg6 23. Qxg6+ Kd7 24. Rd1+ Kc7 25. Qg3+ Kc8 26. Re5 b6 27.
Qe3 Re8 28. Qxh6 Kb7 29. Rg5 Rg8 30. Rg3 Rxg3 31. hxg3 Rf8 32. Qe3 Qc5 33. Qe2
a5 34. Rf1 e5 35. g4 e4 36. Re1 Qg5 37. f3 exf3 38. gxf3 Bxf3 39. Qe7+ Qxe7 40.
Rxe7+ Kc6 41. g5 Rg8 42. Kf2 Bh5 43. Rh7 Bd1 44. Ke1 Bb3 45. Rh5 Bxc4 46. Kd2
Bf7 47. Rh6+ Rg6 48. Rh7 Bc4 49. Rh8 Rxg5 50. Rc8+ Kb5 0-1

[Event "PRO League KO Stage 2017"]
[Site "chess.com INT"]
[Date "2017.03.25"]
[Round "4.5"]
[White "Hammer, Jon Ludvig"]
[Black "Pantsulaia, Levan"]
[Result "1-0"]
[WhiteTitle "GM"]
[BlackTitle "GM"]
[WhiteElo "2630"]
[BlackElo "2589"]
[WhiteTeam "Norway Gnomes"]
[BlackTeam "Stockholm Snowballs"]
[WhiteFideId "1503707"]
[BlackFideId "13602071"]
[EventDate "2017.03.01"]

1. d4 Nf6 2. c4 c5 3. d5 e6 4. Nc3 exd5 5. cxd5 d6 6. Nf3 g6 7. Nd2 Nbd7 8. e4
Bg7 9. Be2 O-O 10. O-O Re8 11. h3 a6 12. a4 Rb8 13. a5 Qc7 14. Kh1 b5 15. axb6
Rxb6 16. Nc4 Rb4 17. Bd3 Nb6 18. Na5 Bd7 19. Re1 Nh5 20. Ra2 Bd4 21. Kg1 Qd8 22.
Nc6 Bxc6 23. dxc6 Qf6 24. Qf3 Qxf3 25. gxf3 Rc8 26. Nd5 Nxd5 27. exd5 Nf6 28.
Bxa6 Rc7 29. Bh6 Rxb2 30. Rxb2 Bxb2 31. Rb1 Nxd5 32. Rxb2 1-0

[Event "PRO League KO Stage 2017"]
[Site "chess.com INT"]
[Date "2017.03.25"]
[Round "4.5"]
[White "Meier, Georg"]
[Black "Tari, Aryan"]
[Result "1/2-1/2"]
[WhiteTitle "GM"]
[BlackTitle "GM"]
[WhiteElo "2630"]
[BlackElo "2596"]
[WhiteTeam "Stockholm Snowballs"]
[BlackTeam "Norway Gnomes"]
[WhiteFideId "4675789"]
[BlackFideId "1510045"]
[EventDate "2017.03.01"]

1. Nf3 Nf6 2. g3 g6 3. Bg2 Bg7 4. O-O O-O 5. d4 d5 6. c4 c6 7. cxd5 cxd5 8. Nc3
Nc6 9. Ne5 Bf5 10. Be3 Ne4 11. Nxc6 bxc6 12. Nxe4 dxe4 13. Qa4 Qb6 14. b3 Rfd8
15. Rac1 Bxd4 16. Rxc6 Bd7 17. Rxb6 Bxa4 18. Rb4 Bxe3 19. Rxa4 Bb6 20. Bxe4 Rac8
21. Bd3 e6 22. Kg2 Kf8 23. g4 g5 24. h4 h6 25. Rh1 Ke7 26. Kf3 Rd4 27. Rxd4 Bxd4
28. e3 Bb6 29. Ke2 Kf6 30. Bc4 a5 31. h5 a4 32. Rb1 axb3 33. Bxb3 Ba5 34. Bd1
Rd8 35. a4 Rd2+ 36. Kf1 Ra2 37. Rb5 Bc3 38. Rc5 Bb4 39. Rc4 Ba5 40. Bc2 Ra1+ 41.
Ke2 Ra2 42. Kd3 Be1 43. Ke2 Ba5 44. Rc5 Bb4 45. Rc6 Ba5 46. Rc8 Rb2 47. f4 Kg7
48. fxg5 hxg5 49. Kd3 Be1 50. Rc5 Kf6 51. Rc8 Kg7 52. Rc7 Bg3 53. Rc5 Kf6 54. a5
Ra2 55. h6 Kg6 56. Kc3+ Kxh6 57. Kb3 Ra1 58. Bd3 Be1 59. a6 Bd2 60. Rc7 Kg7 61.
e4 Be3 62. Bc4 Kf6 63. e5+ Kxe5 64. Rxf7 Bc5 65. Kc2 Kd4 66. Bb5 e5 67. Rd7+ Ke3
68. Rc7 Bd4 69. Re7 Kf4 70. Kb3 Kxg4 71. Kc4 Kf4 72. Rf7+ Ke3 73. Rg7 Kf4 74.
Rf7+ Ke3 75. Rg7 Kf4 76. Rf7+ 1/2-1/2

[Event "PRO League KO Stage 2017"]
[Site "chess.com INT"]
[Date "2017.03.25"]
[Round "4.5"]
[White "Jobava, Baadur"]
[Black "Nordquelle, Daniel"]
[Result "1/2-1/2"]
[WhiteTitle "GM"]
[WhiteElo "2701"]
[BlackElo "2063"]
[WhiteTeam "Miami Champions"]
[BlackTeam "Norway Gnomes"]
[WhiteFideId "13601520"]
[BlackFideId "1519042"]
[EventDate "2017.03.01"]

1. b3 Nf6 2. Bb2 e6 3. e3 Be7 4. f4 O-O 5. Nf3 b6 6. g4 Bb7 7. g5 Ne4 8. Bg2 c5
9. d3 Nd6 10. e4 Nc6 11. Nbd2 Nb5 12. h4 d5 13. O-O Nbd4 14. c3 Nxf3+ 15. Nxf3
dxe4 16. dxe4 Qxd1 17. Raxd1 Rfd8 18. f5 exf5 19. exf5 c4 20. b4 a5 21. a3 axb4
22. cxb4 Na7 23. f6 Bf8 24. fxg7 Bxg7 25. Bxg7 Kxg7 26. Rxd8 Rxd8 27. Ne5 Bxg2
28. Rxf7+ Kg8 29. Kxg2 Nb5 30. Rf6 Nxa3 31. Rc6 b5 32. Rc7 Nc2 33. Ng4 Rd2+ 34.
Kf1 Kf8 35. Rxh7 Rd4 36. Nf6 Nxb4 37. h5 Nd5 38. Rd7 Rf4+ 39. Ke2 Nxf6 40. gxf6
Rxf6 41. Rb7 Rh6 42. Rxb5 Kg7 43. Kd2 Rc6 44. Kc3 Kh6 45. Rd5 Kg7 46. Rd4 Kh6
47. Rh4 Kg5 48. Rh1 Kh6 49. Rh4 Rc5 50. Rxc4 Rxc4+ 51. Kxc4 Kxh5 1/2-1/2

[Event "PRO League KO Stage 2017"]
[Site "chess.com INT"]
[Date "2017.03.25"]
[Round "4.6"]
[White "Pantzar, Milton"]
[Black "Hammer, Jon Ludvig"]
[Result "0-1"]
[BlackTitle "GM"]
[WhiteElo "2257"]
[BlackElo "2630"]
[WhiteTeam "Stockholm Snowballs"]
[BlackTeam "Norway Gnomes"]
[WhiteFideId "1721003"]
[BlackFideId "1503707"]
[EventDate "2017.03.01"]

1. d4 Nf6 2. c4 e6 3. Nc3 Bb4 4. e3 O-O 5. Ne2 d5 6. a3 Be7 7. cxd5 exd5 8. Nf4
c6 9. Bd3 Na6 10. O-O Nc7 11. f3 Ne6 12. Nxe6 Bxe6 13. Bc2 c5 14. dxc5 Bxc5 15.
b4 Bd6 16. Bb2 Qb6 17. Qd2 Rac8 18. Bb3 d4 19. Na4 Qc7 20. Bxe6 Bxh2+ 21. Kh1
fxe6 22. Bxd4 Bg3 23. Qe2 Qf7 24. f4 Qg6 0-1

[Event "PRO League KO Stage 2017"]
[Site "chess.com INT"]
[Date "2017.03.25"]
[Round "4.6"]
[White "Tari, Aryan"]
[Black "Jobava, Baadur"]
[Result "1/2-1/2"]
[WhiteTitle "GM"]
[BlackTitle "GM"]
[WhiteElo "2596"]
[BlackElo "2701"]
[WhiteTeam "Norway Gnomes"]
[BlackTeam "Miami Champions"]
[WhiteFideId "1510045"]
[BlackFideId "13601520"]
[EventDate "2017.03.01"]

1. e4 d6 2. d4 Nf6 3. Nc3 e5 4. Nf3 Nbd7 5. Bc4 Be7 6. a4 a5 7. O-O O-O 8. Re1
b6 9. h3 Bb7 10. dxe5 dxe5 11. Bg5 Re8 12. Qe2 h6 13. Bh4 Bb4 14. Rad1 Bxc3 15.
bxc3 Qc8 16. Nd2 Bc6 17. Bb3 Qb7 18. Nf1 b5 19. axb5 Bxb5 20. Qf3 a4 21. Ba2 Qc6
22. Ng3 Bc4 23. Bxc4 Qxc4 24. Nf5 Kh7 25. Ne3 Qe6 26. Nd5 Nxd5 27. exd5 Qg6 28.
c4 Kg8 29. Qc3 Qd6 30. f3 Nc5 31. Bf2 f6 32. Qb4 Na6 33. Qxa4 Reb8 34. Ra1 Kf7
35. Qa5 Qb4 36. Ra4 Qxa5 37. Rxa5 Nb4 38. Rea1 Rxa5 39. Rxa5 Rb7 40. c3 Nd3 41.
Be3 f5 42. Kh2 f4 43. Bg1 Rb2 44. Rb5 Rc2 45. Rb7 e4 46. d6 Ke6 47. dxc7 Kd7 48.
fxe4 f3 49. c8=Q+ Kxc8 50. Rxg7 f2 51. Bxf2 Nxf2 52. Rg6 h5 53. Rg5 Nxe4 54.
Rxh5 Rxc3 55. Re5 Rxc4 56. Rd5 Kc7 57. Rd1 Nd6 58. h4 Rxh4+ 59. Kg3 Rc4 60. Kf3
Kd7 61. Re1 Nf7 62. g4 Ng5+ 63. Kg3 Rc3+ 64. Kf4 Ne6+ 65. Kf5 Rf3+ 66. Kg6 Ke7
67. g5 Rg3 68. Re5 Kd6 69. Rf5 Ke7 70. Re5 Rg1 71. Rf5 Nf8+ 72. Kg7 Nd7 73. g6
Ke6 74. Rh5 Ne5 75. Rh6 Ke7 76. Kh7 Kf8 77. Rh5 Nxg6 78. Kh6 Ne7 79. Rh3 Nf5+
80. Kh5 Kf7 81. Rb3 Ng7+ 82. Kh4 Kf6 83. Kh3 Ne6 84. Rf3+ Ke5 85. Re3+ Kf5 86.
Rg3 Ng5+ 87. Kh2 Ra1 88. Rb3 Kf4 89. Kg2 Ra2+ 90. Kf1 Ne4 91. Ke1 Nc5 92. Rc3
Ne4 93. Rb3 Rh2 94. Kd1 Ke5 95. Kc1 Kd4 96. Rb2 Rh1+ 97. Kc2 Nc5 98. Rb8 Rh2+
99. Kd1 Ne4 100. Rd8+ Ke3 101. Kc1 Nc5 102. Kd1 Nb3 103. Re8+ Kd3 104. Rd8+ Nd4
105. Ke1 Re2+ 106. Kf1 Re7 107. Kf2 Rf7+ 108. Kg3 Re7 109. Kf2 Ke4 110. Kg3 Ke3
111. Kg4 Rg7+ 112. Kh5 Nf5 113. Ra8 Ng3+ 114. Kh6 Rg4 115. Kh7 Kf4 116. Rg8 Rh4+
117. Kg7 Nf5+ 118. Kf8 Ke5 119. Rg6 Rh8+ 120. Kf7 Rh7+ 121. Kf8 Ra7 122. Rb6 Nd6
123. Rb1 Kf6 124. Rf1+ Nf5 125. Ke8 Rh7 126. Kd8 Ke6 127. Re1+ Kd5 128. Rd1+ Nd4
129. Ke8 Ke5 130. Kd8 Nc6+ 131. Kc8 Ke6 132. Rd6+ Kxd6 1/2-1/2

[Event "PRO League KO Stage 2017"]
[Site "chess.com INT"]
[Date "2017.03.25"]
[Round "4.6"]
[White "Nordquelle, Daniel"]
[Black "Meier, Georg"]
[Result "0-1"]
[BlackTitle "GM"]
[WhiteElo "2063"]
[BlackElo "2630"]
[WhiteTeam "Norway Gnomes"]
[BlackTeam "Stockholm Snowballs"]
[WhiteFideId "1519042"]
[BlackFideId "4675789"]
[EventDate "2017.03.01"]

1. e4 e6 2. d4 d5 3. Nc3 dxe4 4. Nxe4 Nd7 5. Bd3 Ngf6 6. Nf3 c5 7. O-O Nxe4 8.
Bxe4 Nf6 9. Bd3 cxd4 10. Bb5+ Bd7 11. Nxd4 Bc5 12. Be3 Bxb5 13. Nxb5 Bxe3 14.
fxe3 a6 15. Nd4 Qc7 16. Qd3 O-O 17. c3 Rfd8 18. Qe2 Qe5 19. Rfe1 Qe4 20. Qf3 Rd7
21. h3 Rad8 22. Kf2 e5 23. Nb3 Qg6 24. Rad1 Ne4+ 25. Kg1 Ng5 26. Qg4 Nxh3+ 27.
Qxh3 Rxd1 28. Rxd1 Rxd1+ 29. Kh2 h6 30. Qf3 Rd7 31. Nc5 Rd2 32. Qxb7 Kh7 33. b4
Rxa2 34. Nxa6 Rxa6 0-1

[Event "PRO League KO Stage 2017"]
[Site "chess.com INT"]
[Date "2017.03.25"]
[Round "4.7"]
[White "Hammer, Jon Ludvig"]
[Black "Jobava, Baadur"]
[Result "0-1"]
[WhiteTitle "GM"]
[BlackTitle "GM"]
[WhiteElo "2630"]
[BlackElo "2701"]
[WhiteTeam "Norway Gnomes"]
[BlackTeam "Miami Champions"]
[WhiteFideId "1503707"]
[BlackFideId "13601520"]
[EventDate "2017.03.01"]

1. d4 Nf6 2. c4 g6 3. g3 Bg7 4. Bg2 O-O 5. Nf3 d6 6. O-O c5 7. dxc5 dxc5 8. Ne5
Nfd7 9. Nd3 Na6 10. Qb3 Qb6 11. Nc3 e6 12. Be3 Bd4 13. Bxd4 cxd4 14. Qxb6 Nxb6
15. Nb5 Nxc4 16. Rfc1 Nb6 17. Nxd4 Rd8 18. Nb5 Nd5 19. Nf4 Nf6 20. Nc7 Rb8 21.
Nb5 Bd7 22. Nd6 Bc6 23. Bxc6 Rxd6 24. Bg2 Rd2 25. Rab1 g5 26. Nd3 Rxe2 27. Bf1
Rd2 28. Ne5 Rd5 29. Nc4 Nb4 30. Ne3 Rd7 31. a3 Nd3 32. Rd1 Rbd8 33. Rd2 Ne5 34.
Rxd7 Rxd7 35. Rc1 Kg7 36. Kg2 g4 37. Rc2 h5 38. h3 a6 39. hxg4 hxg4 40. Be2 Kg6
41. Rc5 Nd3 42. Rc3 Nxf2 43. Kxf2 Ne4+ 44. Ke1 Nxc3 45. bxc3 f5 46. Nc4 Kf6 47.
Kf2 e5 48. Ne3 Kg5 49. c4 Rd2 50. Ke1 Ra2 51. Bd3 Rxa3 52. Kd2 f4 53. gxf4+ exf4
54. Nd5 g3 55. Be4 g2 56. Bxg2 Ra2+ 57. Kd3 Rxg2 58. Ke4 Re2+ 59. Kf3 Rc2 60.
Nc7 Rc3+ 61. Kf2 Rxc4 62. Nd5 a5 63. Nb6 Rc2+ 64. Kf3 Kf5 65. Nd5 a4 66. Ne7+
Ke6 67. Ng6 a3 68. Nxf4+ Kd6 69. Nd3 Rc3 70. Ke4 Rxd3 71. Kxd3 a2 72. Kc2 a1=Q
73. Kb3 Kc5 74. Kc2 Kc4 75. Kd2 b5 76. Ke2 b4 77. Kf3 b3 78. Ke2 b2 79. Ke3 b1=Q
80. Kf3 Qd4 81. Kg2 Qbe4+ 82. Kh3 Qde3+ 83. Kh2 Qf2+ 84. Kh3 Qfg2# 0-1

[Event "PRO League KO Stage 2017"]
[Site "chess.com INT"]
[Date "2017.03.25"]
[Round "4.7"]
[White "Pantzar, Milton"]
[Black "Tari, Aryan"]
[Result "1/2-1/2"]
[BlackTitle "GM"]
[WhiteElo "2257"]
[BlackElo "2596"]
[WhiteTeam "Stockholm Snowballs"]
[BlackTeam "Norway Gnomes"]
[WhiteFideId "1721003"]
[BlackFideId "1510045"]
[EventDate "2017.03.01"]

1. d4 Nf6 2. c4 e6 3. Nc3 Bb4 4. e3 O-O 5. Ne2 Re8 6. a3 Bf8 7. Ng3 d6 8. Be2
Nbd7 9. O-O g6 10. e4 e5 11. d5 h5 12. Bg5 Bg7 13. Qd2 Nf8 14. f3 N8h7 15. Be3
h4 16. Nh1 Nh5 17. Nf2 f5 18. exf5 gxf5 19. Nd3 f4 20. Bf2 h3 21. g4 fxg3 22.
hxg3 Qg5 23. Qxg5 Nxg5 24. f4 exf4 25. Bxh5 Rf8 26. gxf4 Nh7 27. Bg6 Nf6 28. Bd4
Bd7 29. Rae1 c5 30. dxc6 Bxc6 31. Bxf6 Bxf6 32. Nd5 Kg7 33. Be4 Bd4+ 34. Kh2 Kf7
35. Bf5 Rae8 36. Rxe8 Rxe8 37. Re1 Rh8 38. Re7+ Kf8 39. Rc7 Rh6 40. Bxh3 Rg6 41.
b4 Bg1+ 42. Kh1 Bb6 43. Rc8+ Kf7 44. b5 Bxd5+ 45. cxd5 Rg3 46. Be6+ Ke7 47. Rc3
Kf6 48. Kh2 Re3 49. Kg2 Bd4 50. Rb3 Re2+ 51. Kf3 Re3+ 52. Kg4 Re2 53. Nb4 Bc5
54. Rh3 Rg2+ 55. Rg3 Rh2 56. Nd3 Bxa3 57. Kf3 Rd2 58. Ke4 a6 59. bxa6 bxa6 60.
f5 Bb2 61. Rg6+ Ke7 62. Nf4 Rd4+ 63. Kf3 Ra4 64. Rh6 Rxf4+ 65. Kxf4 Bc1+ 66. Ke4
Bxh6 67. Kd3 Kf6 68. Kc4 a5 69. Kb5 Bd2 70. Ka4 Bb4 71. Kb5 Ke7 72. Ka4 Kf6 73.
Kb3 Ke7 74. Ka4 Kf6 75. Kb3 Ke7 76. Ka4 1/2-1/2

[Event "PRO League KO Stage 2017"]
[Site "chess.com INT"]
[Date "2017.03.25"]
[Round "4.7"]
[White "Pantsulaia, Levan"]
[Black "Nordquelle, Daniel"]
[Result "1-0"]
[WhiteTitle "GM"]
[WhiteElo "2589"]
[BlackElo "2063"]
[WhiteTeam "Stockholm Snowballs"]
[BlackTeam "Norway Gnomes"]
[WhiteFideId "13602071"]
[BlackFideId "1519042"]
[EventDate "2017.03.01"]

1. Nf3 d5 2. g3 g6 3. c4 e6 4. Bg2 Bg7 5. O-O Ne7 6. d4 O-O 7. Na3 Nbc6 8. e3 a6
9. Bd2 dxc4 10. Nxc4 b5 11. Na5 Nxa5 12. Bxa5 Bb7 13. Rc1 Rc8 14. Qc2 Qd6 15. a3
Nd5 16. Nd2 Rfe8 17. Ne4 Qe7 18. Nc5 c6 19. e4 Nf6 20. Rfd1 Ba8 21. Qe2 e5 22.
Bc3 exd4 23. Bxd4 Rcd8 24. b4 a5 25. Qb2 a4 26. Bc3 Nh5 27. Bxg7 Nxg7 28. Rxd8
Rxd8 29. e5 Ne6 30. Ne4 Bb7 31. Nd6 Ba8 32. f4 Rxd6 33. exd6 Qxd6 34. Qf2 Bb7
35. h4 Qd3 36. Qf3 Qd2 37. Rd1 Qc2 38. Rd7 Bc8 39. Ra7 Nf8 40. Qxc6 Qd1+ 41. Kh2
Bd7 42. Qd5 Be6 43. Qxd1 1-0

[Event "PRO League KO Stage 2017"]
[Site "chess.com INT"]
[Date "2017.03.25"]
[Round "4.8"]
[White "Meier, Georg"]
[Black "Hammer, Jon Ludvig"]
[Result "0-1"]
[WhiteTitle "GM"]
[BlackTitle "GM"]
[WhiteElo "2630"]
[BlackElo "2630"]
[WhiteTeam "Stockholm Snowballs"]
[BlackTeam "Norway Gnomes"]
[WhiteFideId "4675789"]
[BlackFideId "1503707"]
[EventDate "2017.03.01"]

1. Nf3 Nf6 2. g3 d5 3. Bg2 e6 4. O-O Be7 5. c4 O-O 6. d4 dxc4 7. Qc2 a6 8. a4
Bd7 9. Qxc4 Bc6 10. Bg5 Bd5 11. Qd3 c5 12. dxc5 Nbd7 13. Nc3 Bc6 14. b4 a5 15.
b5 Bxf3 16. Qxf3 Nxc5 17. Rfd1 Qb6 18. Be3 Rad8 19. h3 Rfe8 20. g4 Qc7 21. Rac1
Rxd1+ 22. Rxd1 b6 23. Qc6 Qb8 24. g5 Nh5 25. Qf3 g6 26. h4 Rd8 27. Rxd8+ Qxd8
28. Qc6 Ng7 29. Bh3 Nf5 30. Bxf5 gxf5 31. Kg2 h6 32. gxh6 Kh7 33. Qf3 Nd7 34.
Qh5 Qg8+ 35. Kh1 Ne5 36. Bxb6 Ng4 37. f3 Ne5 38. Be3 Qc8 39. Bd4 Ng6 40. f4 Qc4 0-1

[Event "PRO League KO Stage 2017"]
[Site "chess.com INT"]
[Date "2017.03.25"]
[Round "4.8"]
[White "Tari, Aryan"]
[Black "Pantsulaia, Levan"]
[Result "1-0"]
[WhiteTitle "GM"]
[BlackTitle "GM"]
[WhiteElo "2596"]
[BlackElo "2589"]
[WhiteTeam "Norway Gnomes"]
[BlackTeam "Stockholm Snowballs"]
[WhiteFideId "1510045"]
[BlackFideId "13602071"]
[EventDate "2017.03.01"]

1. e4 c5 2. Nf3 e6 3. d4 cxd4 4. Nxd4 a6 5. c4 Nf6 6. Nc3 Qc7 7. Be2 Bb4 8. Qd3
Nc6 9. Nxc6 dxc6 10. a3 Be7 11. O-O e5 12. Qg3 O-O 13. f4 Bd6 14. Kh1 exf4 15.
Bxf4 Bxf4 16. Rxf4 Nd7 17. Rxf7 Qxg3 18. Rxf8+ Kxf8 19. hxg3 Ne5 20. Rd1 Ke7 21.
Kg1 b5 22. cxb5 axb5 23. Kf2 Be6 24. Ke3 h6 25. Nb1 Rf8 26. Nd2 Rd8 27. Rc1 Rd6
28. Rc5 Nd7 29. Rc1 Ne5 30. Rc5 Nd7 31. Rc1 Bf7 32. Nf3 Rg6 33. Nd4 Ne5 34. Kf4
Nc4 35. b3 Nxa3 36. Nxc6+ Kf8 37. Ne5 Rf6+ 38. Ke3 Be8 39. Rc7 Re6 40. Nf3 Re7
41. Rc8 Kf7 42. Nd4 Kf6 43. b4 Bd7 44. Rc3 Nb1 45. Rb3 1-0

[Event "PRO League KO Stage 2017"]
[Site "chess.com INT"]
[Date "2017.03.25"]
[Round "4.8"]
[White "Nordquelle, Daniel"]
[Black "Pantzar, Milton"]
[Result "0-1"]
[WhiteElo "2063"]
[BlackElo "2257"]
[WhiteTeam "Norway Gnomes"]
[BlackTeam "Stockholm Snowballs"]
[WhiteFideId "1519042"]
[BlackFideId "1721003"]
[EventDate "2017.03.01"]

1. e4 e5 2. Nf3 Nc6 3. Bc4 Bc5 4. c3 Nf6 5. b4 Bb6 6. d3 d6 7. a4 a5 8. b5 Ne7
9. O-O O-O 10. Bb3 Ng6 11. Na3 d5 12. exd5 Nxd5 13. Qc2 Bc5 14. Nc4 Re8 15. Re1
Qf6 16. Bg5 Qf5 17. Qd2 h6 18. Be3 Nxe3 19. Nxe3 Bxe3 20. Qxe3 Be6 21. Bxe6 Qxe6
22. Nd2 Qd5 23. Ne4 Rad8 24. Red1 f5 25. Nc5 b6 26. Na6 Qd6 27. c4 Nf4 28. c5
Qg6 29. g3 Nh3+ 30. Kh1 f4 31. Qf3 Ng5 32. Qe2 e4 33. dxe4 Rxd1+ 34. Rxd1 Rxe4
35. Qa2+ Kh7 36. Nxc7 Re7 37. Nd5 Qe4+ 38. f3 Qxf3+ 39. Qg2 Qxd1+ 0-1

[Event "PRO League KO Stage 2017"]
[Site "chess.com INT"]
[Date "2017.03.26"]
[Round "5.1"]
[White "Mihajlov, Sebastian"]
[Black "So, Wesley"]
[Result "0-1"]
[WhiteTitle "FM"]
[BlackTitle "GM"]
[WhiteElo "2346"]
[BlackElo "2822"]
[WhiteTeam "Norway Gnomes"]
[BlackTeam "St Louis Arch Bishops"]
[WhiteFideId "1512110"]
[BlackFideId "5202213"]
[EventDate "2017.03.01"]

1. d4 d5 2. c4 c6 3. Nf3 Nf6 4. Nc3 e6 5. e3 Nbd7 6. Bd3 dxc4 7. Bxc4 b5 8. Bd3
a6 9. a4 Bb7 10. O-O b4 11. Ne4 c5 12. Nxf6+ Qxf6 13. b3 cxd4 14. exd4 h6 15.
Qe2 Bxf3 16. Qxf3 Qxf3 17. gxf3 Nf6 18. Bf4 Kd7 19. Bc4 Bd6 20. Bd2 a5 21. Bb5+
Ke7 22. Rac1 Rhc8 23. Rc4 Nd5 24. Rfc1 Nb6 25. Rc6 Rxc6 26. Rxc6 Nd5 27. h4 Bf4
28. Be1 h5 29. Kg2 g5 30. hxg5 Bxg5 31. Kh2 Bf6 32. Rc4 Bg5 33. Rc5 Bf4+ 34. Kh1
Bd6 35. Rc1 Rg8 36. Bd2 Bf4 37. Bxf4 Nxf4 38. Rc7+ Kf6 39. Ra7 Rg2 40. Be8 Rxf2
41. Rxf7+ Kg5 42. Rg7+ Kh4 43. Bc6 Rb2 44. Rf7 Ne2 45. Bd7 Nxd4 46. Rf4+ Kg3 0-1